LEADER 02409nam 22005894a 450 001 9910454152703321 005 20200520144314.0 010 $a1-282-34143-X 010 $a9786612341434 010 $a0-313-35663-7 035 $a(CKB)1000000000707305 035 $a(EBL)492416 035 $a(OCoLC)234236534 035 $a(SSID)ssj0000288326 035 $a(PQKBManifestationID)11213865 035 $a(PQKBTitleCode)TC0000288326 035 $a(PQKBWorkID)10382286 035 $a(PQKB)11520007 035 $a(MiAaPQ)EBC492416 035 $a(Au-PeEL)EBL492416 035 $a(CaPaEBR)ebr10271353 035 $a(CaONFJC)MIL234143 035 $a(EXLCZ)991000000000707305 100 $a20080305d2008 uy 0 101 0 $aeng 135 $aur|n|---||||| 181 $ctxt 182 $cc 183 $acr 200 10$aAdvice from the presidents$b[electronic resource] $ethe student's guide to reaching the top in business and politics /$fG. Scott Thomas 205 $a1st. ed. 210 $aWestport, Conn. $cGreenwood Press$d2008 215 $a1 online resource (264 p.) 300 $aDescription based upon print version of record. 311 $a0-313-35662-9 320 $aIncludes bibliographical references (p. [217]-226) and index. 327 $aDeciding -- Developing -- Polishing -- Organizing -- Controlling -- Maneuvering -- Succeeding. 330 $aThe same skills and strategies can propel an aspiring executive to the top of any organization, be it the Podunk High School Student Council, the Acme Xylophone Corporation, or the government of the United States of America. The student council president may be an unpaid volunteer, and the Acme CEO may bark out orders in an office that is rectangular, not oval. But the paths that lead to those positions are remarkably similar to the trail that ends so gloriously at the front door of the White House. Author G. Scott Thomas spent two years examining the lives of nearly two hundred presidential c 606 $aExecutive ability 606 $aLeadership 608 $aElectronic books. 615 0$aExecutive ability. 615 0$aLeadership. 676 $a658.4/09 700 $aThomas$b G. Scott$0973550 801 0$bMiAaPQ 801 1$bMiAaPQ 801 2$bMiAaPQ 906 $aBOOK 912 $a9910454152703321 996 $aAdvice from the presidents$92296451 997 $aUNINA LEADER 04963nam 2200649 a 450 001 9910457661403321 005 20200520144314.0 010 $a1-4665-0781-0 010 $a0-429-15223-X 010 $a1-4398-3488-1 035 $a(CKB)2550000000065013 035 $a(EBL)800950 035 $a(OCoLC)752194743 035 $a(SSID)ssj0000514885 035 $a(PQKBManifestationID)11325540 035 $a(PQKBTitleCode)TC0000514885 035 $a(PQKBWorkID)10521778 035 $a(PQKB)11601047 035 $a(MiAaPQ)EBC800950 035 $a(CaSebORM)9781439834886 035 $a(Au-PeEL)EBL800950 035 $a(CaPaEBR)ebr10511326 035 $a(CaONFJC)MIL581133 035 $a(EXLCZ)992550000000065013 100 $a20101102d2011 uy 0 101 0 $aeng 135 $aur|n|---||||| 181 $ctxt 182 $cc 183 $acr 200 10$aData center storage$b[electronic resource] $ecost-effective strategies, implementation, and management /$fHubbert Smith 205 $a1st edition 210 $aBoca Raton, Fla. $cAuerbach Publications$dc2011 215 $a1 online resource (363 p.) 300 $aIncludes index. 311 $a0-367-38294-6 311 $a1-4398-3487-3 327 $aFront Cover; Dedication; Contents; About the author; What, Exactly, Will We Accomplish?; Part I: Building Blocks, Power, and Consolidation; Chapter 1: The Disk Drive: The Fundamental Building Block of Enterprise Storage; Chapter 2: Power and AC; Chapter 3: Storage Consolidation; Chapter 4: Service Level Overview; Chapter 5: Uptime, Reliability, and SLAs; Chapter 6: Storage Tiering and SLAs; Chapter 7: Service Level Agreements and IT Bill-Back; Chapter 8: Demonstrating Delivery on SLA Service Levels; Chapter 9: Planning for Growth and Storage Tiering; Chapter 10: Wrap-Up: Projects Within Reach 327 $aPart II: Managing Aging Data and E-Mail ExpensesChapter 11: Migration and Retiring Aging Systems; Chapter 12: Shared Folders and Content Management; Chapter 13: Storage Strategies for E-Mail; Chapter 14: Spending Wisely on Performance; Chapter 15: Performance and Backup; Chapter 16: The Right Tools for Reliability, Uptime, Disaster Recovery, and Archiving; Chapter 17: Reliability and Server Failover; Chapter 18: Reliability and Continuous Data Protection, Synchronous Replication; Chapter 19: Reliability and Near-Continuous Data Protection, Asynchronous Replication 327 $aChapter 20: Reliability and Data Integrity (T10-DIF or T10-PI)Chapter 21: Virtualization Overview: Focus on the Business Benefits; Chapter 22: Storage Virtualization; Chapter 23: Virtualization, Storage Tiers, and Manual Data Movement; Chapter 24: Virtual Desktop Infrastructure (VDI); Chapter 25: Converged NAS and SAN; Chapter 26: Storage for Nontraditional IT Applications; Chapter 27: Part II Wrap-Up: Projects Within Reach; Part II: Conclusions; Part III: Managed Hosting and Cloud; Chapter 28: Managed Hosting and Cloud Computing 327 $aChapter 29: The Business Driving Managed Hosting: What It Means to YouChapter 30: Managed Hosting Vetting Process; Chapter 31: Why Cloud is Relevant; Chapter 32: Implementing Cloud Storage in Your Operation; Chapter 33: Hybrid Cloud; Chapter 34: Cloud Spectrum of Options; Chapter 35: End Game and Hardware Roadmap to Leverage the Cloud; Chapter 36: Strategy and Execution; Chapter 37: Constructing a Roadmap; Chapter 38: Risk Management; Chapter 39: Part III Wrap-Up: Projects Within Reach; Part III: Conclusion; Appendix A: Storage Protocol Basics; Appendix B: Project Management 327 $aAppendix C: People, Process, TechnologyAppendix D: Root Cause, Corrective Action Process; Appendix E: Iometer: Performance Testing in the Lab; Glossary; A; B; C; D; F; G; H; I; L; M; N; O; P; R; S; T; W; Z 330 $a"This work provides a storage industry insiders insight on how to properly scope, plan, evaluate, and implement storage technologies to maximize performance, capacity, reliability, and power savings. It covers all types of storage technology, including SAN, capacity-optimized drives, and solid-state drives. Written for IT managers, data center managers, and CIOs, the book offers strategies for minimizing risk and cost when implementing storage technology, including how to reduce air conditioning costs and overall power consumption. It also analyzes cloud technology and its effects on an organizations storage strategies"--$cProvided by publisher. 606 $aComputer storage devices 606 $aElectronic data processing departments$xManagement 608 $aElectronic books. 615 0$aComputer storage devices. 615 0$aElectronic data processing departments$xManagement. 676 $a004.5 700 $aSmith$b Hubbert$0910410 801 0$bMiAaPQ 801 1$bMiAaPQ 801 2$bMiAaPQ 906 $aBOOK 912 $a9910457661403321 996 $aData center storage$92037687 997 $aUNINA